000 01026nas a2200277 4500
001 BR2015004700
003 BR-BrBNA
005 20231205125733.0
007 ta
008 230509b bl.|||p| |||| 00| 00por d
040 _aBR-BrBNA
_bpor
_cBiblioteca Nacional de Agricultura
041 _a(Pt)
072 _aF02; F30
100 1 _aSantos, M.
100 1 _aTorres, A.C.
111 1 _a16° Congresso Brasileiro de Floricultura e Plantas Ornamentais; 3° Congresso Brasileiro de Cultura de Tecidos de Plantas; 1° Simpósio de Plantas Ornamentais Nativas
_cGoiânia, GO (Brazil)
_d10-15 Sep 2007
245 1 _aIndução de embriogênese somática em abacaxizeiro-ornamental
650 _aANANAS COMOSUS
650 _aMICROPROPAGAÇÃO
650 _aEXPLANTE
650 _aCULTURA IN VITRO
773 0 _tRevista Brasileira de Horticultura Ornamental (Brazil)
_xISSN 1809-6093
_g(Sep 2007), v. 13(Suplemento) p. 992
_wBR2015004700
856 4 0 _u
909 _a202311
_bLúcia
_c55
_dLúcia Elande
942 _2AGRIS
_n0
_cANA
999 _c245850
_d245850